000 00604pab a2200193 454500
008 180718b1996 xxu||||| |||| 00| 0 eng d
100 _aLui, Terry T.
245 _aBureaucracy, democracy and administrative ethics: a study of public service values in Hong Kong
260 _c1996
300 _ap.177-96
362 _aJun
650 _aBureaucracy - Hong Kong
650 _aCivil service - Hong Kong
650 _aPublic administration - Hong Kong
650 _aPublic administration
700 _aCooper, Terry L.
773 _aInternational Review of Administrative Sciences
909 _a34292
999 _c34292
_d34292